Encyclopaedia of Applied information systems:System Analysis and Design, Volume-3, 2003 (Record no. 481657)

000 -LEADER
fixed length control field 00493 a2200145 4500
020 ## - INTERNATIONAL STANDARD BOOK NUMBER
International Standard Book Number 8178801086
082 ## - DEWEY DECIMAL CLASSIFICATION NUMBER
Classification number 004.03
100 ## - MAIN ENTRY--PERSONAL NAME
Personal name Anand, Aishwarya.
245 ## - TITLE STATEMENT
Title Encyclopaedia of Applied information systems:System Analysis and Design, Volume-3, 2003
260 ## - PUBLICATION, DISTRIBUTION, ETC.
Place of publication, distribution, etc. New Delhi :
Name of publisher, distributor, etc. Rajat Publications,
Date of publication, distribution, etc. 2003.
300 ## - PHYSICAL DESCRIPTION
Extent vol.3, vi, 280 p. :
Other physical details ill. ;
500 ## - GENERAL NOTE
General note Includes bibliographical references and index
650 ## - SUBJECT ADDED ENTRY--TOPICAL TERM
Topical term or geographic name entry element 1.Encyclopedia. 2.Management information systems.
942 ## - ADDED ENTRY ELEMENTS (KOHA)
Koha item type Book
Holdings
Withdrawn status Lost status Damaged status Not for loan Collection code Permanent Location Current Location Shelving location Date acquired Source of acquisition Cost, normal purchase price Total Checkouts Full call number Barcode Date last seen Price effective from Koha item type
          Central Library (CL) Central Library (CL) First Floor - Computer Science 12/07/2016 Pak Book Corporation 1007.25   004.03 ANA SEECS004508 12/07/2016 12/07/2016 Book
© 2023 Central Library, National University of Sciences and Technology. All Rights Reserved.